Central Library OPAC University of Rajshahi

মহানবী ও ইসলাম / (Record no. 44024)

MARC details
000 -LEADER
fixed length control field 00775nam a22002177a 4500
001 - CONTROL NUMBER
control field 44024
003 - CONTROL NUMBER IDENTIFIER
rucl marc code BD-RjUL
005 - DATE AND TIME OF LATEST TRANSACTION
control field 20211209053804.0
008 - FIXED-LENGTH DATA ELEMENTS--GENERAL INFORMATION
fixed length control field 160712s1974 bg ||||| |||| 00| 0 ben d
035 ## - SYSTEM CONTROL NUMBER
System control number (BD-RjUL)44142
040 ## - CATALOGING SOURCE
Original cataloging agency BD-RjUL
Language of cataloging ben
Transcribing agency BD-RjUL
041 ## - LANGUAGE CODE
Language code of text/sound track or separate title ben
082 ## - DEWEY DECIMAL CLASSIFICATION NUMBER
Edition number 23
Classification number 297.09
Author mark and year ALM 1974
100 ## - MAIN ENTRY--PERSONAL NAME
Personal name আলী, আ. খ. মু. ইয়াকুব
9 (RLIN) 135227
245 10 - TITLE STATEMENT
Title মহানবী ও ইসলাম /
Statement of responsibility, etc. আ.খ.মু. ইয়াকুব আলী
260 ## - PUBLICATION, DISTRIBUTION, ETC. (IMPRINT)
Place of publication, distribution, etc. রাজশাহী :
Name of publisher, distributor, etc. রেযা-উর-রহীম,
Date of publication, distribution, etc. ১৯৭৪
300 ## - PHYSICAL DESCRIPTION
Pagination [১২], ৭৯ পৃ. ;
Size ২১ সেমি.
650 ## - SUBJECT ADDED ENTRY--TOPICAL TERM
Topical term or geographic name as entry element ইসলাম
General subdivision ইতিহাস
9 (RLIN) 135228
Topical term or geographic name as entry element Islam
General subdivision History
9 (RLIN) 135229
942 ## - ADDED ENTRY ELEMENTS (KOHA)
Source of classification or shelving scheme Dewey Decimal Classification
Koha item type Books
Holdings
Lost status Source of classification or shelving scheme Damaged status Not for loan Collection code Permanent Location Current Location Shelving location Date acquired Source of acquisition Cost, normal purchase price Total Checkouts Full call number Date last seen Copy number Koha item type
  Dewey Decimal Classification     Non-fiction Central Library, University of Rajshahi Central Library, University of Rajshahi   20/03/1975 Lekhok 4.00   B 297.09 ALM 1974 12/07/2016 C-2 Books
  Dewey Decimal Classification     Non-fiction Central Library, University of Rajshahi Central Library, University of Rajshahi   20/03/1975 Lekhok 4.00   B 297.09 ALM 1974 12/07/2016 C-3 Books
  Dewey Decimal Classification     Non-fiction Central Library, University of Rajshahi Central Library, University of Rajshahi   20/03/1975 Lekhok 4.00   B 297.09 ALM 1974 12/07/2016 C-4 Books
  Dewey Decimal Classification     Non-fiction Central Library, University of Rajshahi Central Library, University of Rajshahi   26/10/1974 Gift     B 297.09 ALM 1974 17/07/2016 C-5 Books
  Dewey Decimal Classification   Not For Loan Non-fiction Central Library, University of Rajshahi Central Library, University of Rajshahi Reading Room 07/04/1975 Ankur Prokasoni, Dhaka 49.00   B 297.09 ALM 1974 03/12/2016 C-1 Books